| 000 | 00584nam a2200205 a 4500 | ||
|---|---|---|---|
| 001 | 2637 | ||
| 003 | CO-ViMGA | ||
| 008 | 141112s2004 ck r 000 u spa d | ||
| 040 |
_aCO-ViMGA _bspa _cCO-ViMGA |
||
| 082 | 0 | 4 | _aCo863 C835le |
| 245 | 1 | 0 | _aCuentos de lugares encantados |
| 260 |
_aSantafé de Bogotá : _bCerlalc, _c1997 |
||
| 300 | _a120 p : il | ||
| 490 | _aLatinoaméricana | ||
| 500 | _aEste libro tambien esta en Braille. | ||
| 590 | _aEjemplares : 2 + 4 en braille | ||
| 650 | 1 | 4 |
_aCUENTOS INFANTILES _92743 |
| 650 | 1 | 4 | _aCUENTOS LATINOAméricaNOS |
| 942 |
_2ddc _cBK |
||
| 999 |
_c14712 _d14712 |
||